1845 1801 1648 1931 1557 1401 1611 1983 1909 1470 1255 1482 1170 1248 1132 1862 1795 1314 1927 1094 1400 1832 1855 1077 1279 1493 1897 1235 1507 1153 1624 1616 1677 1862 1173 1087 1453 1585 1734 1069 1209 1547 1539 1172 1265 1685 1341 1308 1231 1623 1126 1979 1629 1887 1226 1375 1519 1541 1704 1104 1040 1858 1090 1400 1336 1727 1733 1042 1269 1725 1885 1931 1021 1462 1186 1694 1356 1608 1718 1768 1029 1517 1200 1123 1488 1964 1948 1777 1366 1694 1806 1778 1939 1608 1393 1710 1871 1185 1786 BCNSPRNW ULIB Ver.6.0+V

เปลี่ยนเป็นภาษาไทย

Change to English
 แสดงรายละเอียดบรรณานุกรม
  กลับหน้าหลัก

Brief Record : Get Marc (ISO 2709) : E-mail record : QR code < ปิดหน้าต่าง
LEADER : 00000nam 2200000uu 4500
001    13399128900
003     ULIB
008    241028s2024||||th 000 0 tha d
020    ^a9780323882521
060 04 ^aWY100^bN974
245 00 ^aNursing outcomes classification (NOC) :^bmeasurement ofhealth outcomes /^ceditors, Sue Moorhead ... [et al.]
250    ^a7th ed.
260    ^aSt. Louis, Mo. :^bElsevier/Mosby,^c2024
300    ^axvii, 863 p. :^bill. ;^c24 cm.
504    ^aIncludes bibliographical references and index
650  0 ^aNursing audit
650  0 ^aOutcome assessment (Medical care)
650  2 ^aNursing Process^xstandards
650  2 ^aOutcome Assessment (Health Care)^xstandards
700 1  ^aMoorhead, Sue.,^eed.
945    ^p2410^l0^i011147
999    ^aประนอม เกษจรัล
รายการนี้ยังไม่มีแท็ก
คุณยังไม่ได้ล็อกอิน คุณสามารถมีกิจกรรมร่วมกับเว็บไซต์ได้ แต่ต้องล็อกอินก่อน ::
  ล็อกอิน

รายการสื่อสารสนเทศ

ลำดับที่ ประเภท เลขเรียก/บาร์โค้ด สถานที่ สถานะ
1. Book การพยาบาล
หนังสือสำรอง
สถานะ=หนังสือสำรอง
WY100 N974 ฉ.1 
  Barcode: 011147
ห้องสมุดวิทยาเขตสวรรค์ประชารักษ์
►หนังสือทั่วไป
บนชั้น

รายการใกล้เคียง
    หัวเรื่อง [Nursing audit]
    หัวเรื่อง [Outcome assessment (Medical care)]

BibComment


ยังไม่เคยถูกคอมเมนท์

คอมเมนท์ทรัพยากรรายการนี้
  คอมเมนท์: Nursing outcomes..


 Copyright 2026. Bcnsprnw @Library